[Event "Arco Christmas op 6th"]
[Site "Arco"]
[Date "2015.12.26"]
[Round "1"]
[White "De Santis, Alessio"]
[Black "Giancola, Andrea"]
[Result "1-0"]
[WhiteElo "2330"]
[BlackElo "1757"]
[PlyCount "81"]
[EventDate "2015.12.26"]
[EventType "swiss"]
[EventRounds "7"]
[EventCountry "ITA"]
[SourceTitle "CBM 170 Extra"]
[Source "ChessBase"]
[SourceDate "2016.02.25"]
[SourceVersion "1"]
[SourceVersionDate "2016.02.25"]
[SourceQuality "1"]

1. d4 Nf6 2. c4 g6 3. Nc3 Bg7 4. e4 d6 5. Be2 0-0 6. Bg5 Nbd7 7. Qd2 Ne8 8. h4 f6 9. Be3 Rf7 10. h5 Nf8 11. hxg6 hxg6 12. g4 e5 13. d5 g5 14. 0-0-0 Ng6 15. f3 a5 16. c5 b6 17. c6 a4 18. a3 Ba6 19. Bxa6 Rxa6 20. Qh2 Kf8 21. Nge2 b5 22. Nxb5 Qb8 23. Nbc3 Ke7 24. Ng3 Nh4 25. Qe2 Ra8 26. Rh2 Bf8 27. Rdh1 Ng7 28. Qd1 Ke8 29. Bf2 Qc8 30. Nf5 Ng6 31. Be3 Qa6 32. Qf1 Nxf5 33. gxf5 Nh4 34. Qxa6 Rxa6 35. Rh3 Rh7 36. Bf2 Bh6 37. Kc2 Rg7 38. R1h2 Rg8 39. Bxh4 gxh4 40. Rxh4 Bf4 41. Rh8 1-0

[Event "Bresso op 5th"]
[Site "Bresso"]
[Date "2006.06.18"]
[Round "5"]
[White "Giancola, Andrea"]
[Black "Kokosar, Oliviero"]
[Result "0-1"]
[WhiteElo "1592"]
[BlackElo "1478"]
[PlyCount "96"]
[EventDate "2006.06.15"]
[EventType "swiss"]
[EventRounds "6"]
[EventCountry "ITA"]
[SourceTitle "EXT 2024"]
[Source "ChessBase"]
[SourceDate "2023.10.10"]
[SourceVersion "1"]
[SourceVersionDate "2023.10.10"]
[SourceQuality "1"]

1. e4 e5 2. Bc4 Bc5 3. b4 Bxb4 4. c3 Ba5 5. Nf3 Nc6 6. Qb3 Qe7 7. 0-0 Nf6 8. d4 0-0 9. Bg5 h6 10. Bh4 d6 11. d5 Nb8 12. Bd3 a6 13. c4 Bb6 14. Nc3 Bg4 15. Nd2 Bc8 16. Kh1 Nbd7 17. Na4 Bd4 18. Rab1 Rb8 19. f3 g5 20. Bf2 Bxf2 21. Rxf2 Nh5 22. Rc1 Kh8 23. Qb1 Qe8 24. c5 Nf4 25. cxd6 Nxd3 26. Qxd3 cxd6 27. Nc4 Qe7 28. Ncb6 Nxb6 29. Nxb6 Qd8 30. Qb3 Bd7 31. Rfc2 Bb5 32. Rc7 Rg8 33. a4 Be8 34. a5 Qf6 35. Nd7 Bxd7 36. Rxd7 Rgc8 37. Rxc8+ Rxc8 38. g3 g4 39. Rxb7 gxf3 40. Qb1 Rc5 41. Kg1 Rxa5 42. Kf2 Ra4 43. Rb3 Rd4 44. Rxf3 Qg6 45. Re3 Qh5 46. Kg2 Rd2+ 47. Kf1 Qxh2 48. Qb8+ Kg7 0-1

[Event "Bresso op 5th"]
[Site "Bresso"]
[Date "2006.06.17"]
[Round "4"]
[White "Chiarello, Simone"]
[Black "Giancola, Andrea"]
[Result "0-1"]
[WhiteElo "1452"]
[BlackElo "1592"]
[PlyCount "114"]
[EventDate "2006.06.15"]
[EventType "swiss"]
[EventRounds "6"]
[EventCountry "ITA"]
[SourceTitle "EXT 2024"]
[Source "ChessBase"]
[SourceDate "2023.10.10"]
[SourceVersion "1"]
[SourceVersionDate "2023.10.10"]
[SourceQuality "1"]

1. d4 d5 2. c4 c6 3. Nf3 Nf6 4. Nc3 dxc4 5. a4 Bf5 6. e3 e6 7. Bxc4 Nbd7 8. 0-0 Bd6 9. Re1 Ne4 10. Nxe4 Bxe4 11. Bd3 Nf6 12. Bxe4 Nxe4 13. Qc2 Ng5 14. Nxg5 Qxg5 15. e4 Qg6 16. d5 cxd5 17. Qb3 0-0 18. e5 Bc5 19. Qxb7 Qc2 20. Be3 Bxe3 21. Rxe3 Rfb8 22. Rc3 Qxf2+ 23. Kxf2 Rxb7 24. b3 a5 25. Rac1 f6 26. exf6 gxf6 27. Re3 Kf7 28. Rc6 Re7 29. Rh3 Ke8 30. Rhc3 f5 31. Rc7 Rb8 32. R7c5 Ra7 33. Rc6 Kd7 34. Ke3 Rxb3 35. Rc7+ Rxc7 36. Rxb3 Rc4 37. Rb7+ Kd6 38. Rxh7 Rxa4 39. h4 Ra3+ 40. Kf2 d4 41. h5 Ra2+ 42. Kf3 e5 43. Rg7 e4+ 44. Kf4 d3 45. h6 Rf2+ 46. Ke3 Re2+ 47. Kf4 d2 48. Rg8 Kc7 49. h7 d1Q 50. h8Q Qf1+ 51. Kg5 Rxg2+ 52. Kf6 Qa1+ 53. Kf7 Qxh8 54. Rxh8 Kd6 55. Ra8 f4 56. Rxa5 e3 57. Kf6 f3 0-1

[Event "Monza op"]
[Site "Monza"]
[Date "2006.03.19"]
[Round "3"]
[White "Giancola, Andrea"]
[Black "Crippa, Oscar"]
[Result "0-1"]
[WhiteElo "1592"]
[BlackElo "1577"]
[PlyCount "75"]
[EventDate "2006.03.18"]
[EventType "swiss"]
[EventRounds "6"]
[EventCountry "ITA"]
[SourceTitle "EXT 2007"]
[Source "ChessBase"]
[SourceDate "2006.11.23"]
[SourceVersion "1"]
[SourceVersionDate "2006.11.23"]
[SourceQuality "1"]

1. e4 e6 2. d4 d5 3. Nd2 Nf6 4. e5 Nfd7 5. Bd3 c5 6. c3 Nc6 7. Ne2 g6 8. 0-0 Bg7 9. Nf3 0-0 10. Bg5 Qe8 11. Qd2 cxd4 12. cxd4 f6 13. exf6 Nxf6 14. Bh6 Qd8 15. Bxg7 Kxg7 16. Nf4 Qd6 17. g3 Bd7 18. Rfe1 Rae8 19. Bc2 Ng4 20. h3 Nh6 21. Ne5 Nxe5 22. dxe5 Qb6 23. Nh5+ gxh5 24. Re2 Qd8 25. Qd4 Qg5 26. Qxa7 Bc6 27. Ba4 Ra8 28. Qb6 Rxa4 29. Qc7+ Kg8 30. Qd6 Qf5 31. f4 Qf7 32. Rf1 Nf5 33. Qc5 Kh8 34. g4 Ng3 35. Rg2 Nxf1 36. gxh5 Qxf4 37. Qc1 d4 38. Qe1 0-1